Cyclisme : Top 20 de l'Omloop Het Nieuwsblad 2024 - Statistiques

Statistiques générales
  • Ce quiz a été pris 15 fois
  • Le résultat moyen est 10 sur 20
Statistiques - réponses
Position Equipe Coureur % Correct
5eme Visma Lease a Bike Christophe Laporte
100%
3eme Visma Lease a Bike Wout Van Aert
100%
10eme Lotto Dstny Arnaud de Lie
75%
16eme Groupama FDJ Stefan Kung
75%
14eme Uno-X Mobility Alexander Kristoff
67%
1er Visma Lease a Bike Jan Tratnik
67%
9eme Tudor Pro Cycling Team Matteo Trentin
67%
4eme Decathlon Ag2r La Mondiale Oliver Naesen
67%
7eme Lidl Trek Jasper Stuyven
58%
2eme UAE Team Emirates Nils Politt
58%
8eme Ineos Grenadier Thomas Pidcock
58%
6eme Intermarché Wanty Laurenz Rex
42%
12eme UAE Team Emirates Tim Wellens
42%
15eme Movistar Team Ivan Garcia Cortina
33%
18eme Alpecin Deceuninck Gianni Vermeersch
25%
13eme Intermarché Wanty Mike Teunissen
25%
19eme Decathlon Ag2r La Mondiale Dries De Bondt
17%
11eme Decathlon Ag2r La Mondiale Pierre Gautherat
17%
20eme Lidl Trek Alex Kirsch
8%
17eme Arkea B&B Hotels Jenthe Biermans
8%
Aucun quiz correspondant
Distribution des résultats
% des personnes avec chaque résultat
Percentile par nombre de réponses
Votre historique - résultats
Vous n’avez pas pris ce quiz